| 000 | 01604nam0a2200349 4500 | ||
|---|---|---|---|
| 001 | RU\NLR\bibl\1518316 | ||
| 005 | 20260405204308.0 | ||
| 035 | _a(NLR Aleph) 001509687 | ||
| 090 |
_a72578 _c72578 |
||
| 100 | _a20100601d2009 |||y0rusy50 ca | ||
| 101 | 0 | _arus | |
| 102 | _aRU | ||
| 105 | _aa ||||||||| | ||
| 200 | 1 |
_aДоминанты культуры Санкт-Петербурга _e[учебное пособие по толерантности] _fА.Ф. Герасимов, В.В. Конорев |
|
| 210 |
_aСанкт-Петербург _c[б. и.] _d2009 |
||
| 215 |
_a272 с., [8] л. цв. ил. _d22 |
||
| 300 | _aВ предисл. авт.: к.филос.н., доц. А.Ф. Герасимов, к.ист.н., доц. В.В. Конорев | ||
| 316 |
_aС автогр. А.Ф. Герасимова _5NLR |
||
| 316 |
_aавтограф _5NLR:2010-5/5069 |
||
| 320 | _aБиблиогр.: с. 236-237 | ||
| 606 | 1 |
_aХудожественные музеи _yСанкт-Петербург, город _91342070 _3RU\NLR\auth\66244580 |
|
| 607 |
_aСанкт-Петербург, город _xКультура _92226517 _3RU\NLR\auth\661336603 |
||
| 686 | _aТ3(2-2СПб) | ||
| 686 | _aЩ101.3(2Р)-2Петербург2 | ||
| 700 | 1 |
_4070 _8rus _7ca _aГерасимов _bА. Ф. _cканд. филос. наук _3RU\NLR\AUTH\7791586 _974513 |
|
| 701 | 1 |
_aКонорев _bВ. В. _gВиктор Викторович _4070 |
|
| 801 | 0 |
_aRU _bNLR _c20100601 _gRCR |
|
| 801 | 1 |
_aRU _bNLR _c20100601 |
|
| 830 | _a2-й авт. по базе | ||
| 942 | _cBOOK | ||
| 980 | _aNB | ||